| 000 | 00586nam a2200241Ia 4500 | ||
|---|---|---|---|
| 003 | 0100 | ||
| 008 | 130303s9999 xx 000 0 und d | ||
| 020 | _a0226155676 | ||
| 040 | _cARRUPELIB | ||
| 050 | _aBJ1012.D57 1977 | ||
| 100 | _aDonagan, Alan | ||
| 245 | 4 | _aThe theory of morality | |
| 260 | _aChicago | ||
| 260 | _bUniversity of Chicago Press | ||
| 260 | _C1977 | ||
| 300 | _a278p. | ||
| 300 | _b 23 cm. | ||
| 650 | _aETHICS | ||
| 650 | _bReality--Addresses | ||
| 650 | _cStyle (philosophy)--Addresses | ||
| 650 | _dFacts (Philosophy)--Addresses | ||
| 942 | 0 | 0 | _02 |
| 999 |
_c28524 _d28524 |
||